Recherches statistiques sur l'aliénation mentale, faites à l'hospice de Bicêtre / (Record no. 151621)
[ view plain ]
| 000 -LEADER | |
|---|---|
| campo de control de longitud fija | 01049nam a2200241 i 4500 |
| 001 - NÚMERO DE CONTROL | |
| campo de control | 151621 |
| 003 - IDENTIFICADOR DE NÚMERO DE CONTROL | |
| campo de control | ES-MaACL |
| 005 - FECHA Y HORA DE LA ÚLTIMA TRANSACCIÓN | |
| campo de control | 20250723063350.0 |
| 008 - DATOS DE LONGITUD FIJA--INFORMACIÓN GENERAL | |
| campo de control de longitud fija | 050808s1841 fr |||| | fre d |
| 040 ## - FUENTE DE CATALOGACIÓN | |
| Centro catalogador/agencia de origen | CAM |
| Lengua de catalogación | spa |
| Centro/agencia transcriptor | CAM |
| 100 1# - ENTRADA PRINCIPAL--NOMBRE DE PERSONA | |
| Nombre de persona | Aubanel, Honoré, |
| Fechas asociadas al nombre | 1811-1863 |
| Término indicativo de función/relación | Autor |
| 9 (RLIN) | 125739 |
| 245 10 - MENCIÓN DEL TÍTULO | |
| Título | Recherches statistiques sur l'aliénation mentale, faites à l'hospice de Bicêtre / |
| Mención de responsabilidad, etc. | par H. Aubanel et A.M. Thore. |
| 260 ## - PUBLICACIÓN, DISTRIBUCIÓN, ETC. | |
| Lugar de publicación, distribución, etc. | Paris : |
| Nombre del editor, distribuidor, etc. | Librairie des Sciences médicales de Just Rouvier, |
| Fecha de publicación, distribución, etc. | 1841 |
| Fabricante | (Imp. d'Hippolyte Tilliard) |
| 300 ## - DESCRIPCIÓN FÍSICA | |
| Extensión | VIII, 206 páginas ; |
| Dimensiones | 21 cm. |
| 530 ## - NOTA DISPONIBLE DE FORMULARIO FÍSICO ADICIONAL | |
| Nota de formato físico adicional disponible | Disponible en formato digital |
| 650 #7 - PUNTO DE ACCESO ADICIONAL DE MATERIA--TÉRMINO DE MATERIA | |
| Término de materia o nombre geográfico como elemento de entrada | Enfermedades mentales |
| Fuente del encabezamiento o término | embne |
| 9 (RLIN) | 12263 |
| 700 1# - ENTRADA AGREGADA--NOMBRE PERSONAL | |
| Nombre de persona | Thore, Ange-Marie, |
| Fechas asociadas al nombre | -1856 |
| Término indicativo de función/relación | Autor |
| 9 (RLIN) | 133236 |
| 852 ## - LOCALIZACIÓN | |
| Ubicación | ES-MaACL |
| Ubicación en estantería | Depósito |
| Signatura antigua | Olim: G-15440 |
| Marcas de propiedad | Ex-libris de Mateo Seoane |
| Número de control de estantería | R-1362(2) |
| Encuadernación | Holandesa |
| 856 ## - LOCALIZACIÓN Y ACCESO ELECTRÓNICOS | |
| Identificador Uniforme de Recursos | <a href="https://gallica.bnf.fr/ark:/12148/bpt6k76600h">https://gallica.bnf.fr/ark:/12148/bpt6k76600h</a> |
| Texto de enlace | Versión en línea |
| Nota pública | (Gallica. Bibliothèque nationale de France) |
| 942 ## - ELEMENTOS DE ENTRADA SECUNDARIOS (KOHA) | |
| Fuente del sistema de clasificación o colocación | Clasificación decimal universal |
| Tipo de ítem Koha | Libro impreso antiguo |
| Suprimir en OPAC | No |
| Estatus retirado | Estado de pérdida | Fuente del sistema de clasificación o colocación | Estado de daño | No para préstamo | Colección | Biblioteca de origen | Biblioteca actual | Ubicación en estantería | Fecha de adquisición | Total de préstamos | Signatura topográfica completa | Código de barras | Visto por última vez | Tipo de ítem Koha |
|---|---|---|---|---|---|---|---|---|---|---|---|---|---|---|
| Clasificación decimal universal | Libros del s. XIX | Biblioteca del Ateneo de Madrid | Biblioteca del Ateneo de Madrid | Depósito | 17/01/2008 | R-1360-71(2) | 1158230 | 23/02/2023 | Libro impreso antiguo |
